Aprendamos a investigar en el área de la salud : desde una idea a un proyecto o artículo científico /

Bibliographic Details
Other Authors: García Robayo, Dabeiba Adriana (Editor)
Format: Electronic eBook
Language:Spanish
Published: Bogotá : Editorial Pontificia Universidad Javeriana, [2025]
Edition:Primera edición.
Subjects:
Online Access:Digitalia Hispánica

MARC

LEADER 00000nam a2200000Ii 4500
001 DIGEPUJ0529
003 NyNyDIG
006 m o d
007 cr |||||||||||
008 260205s2025 ck a ob 000 0 spa d
035 |a (OCoLC)1551239710 
040 |a DGITA  |b eng  |e rda  |e pn  |c DGITA 
020 |a 9786285020452  |q (digital) 
024 7 |a https://doi.org/10.11144/Javeriana.9786285020452  |2 doi 
050 1 4 |a R850 ebook 
245 0 0 |a Aprendamos a investigar en el área de la salud :  |b desde una idea a un proyecto o artículo científico /  |c Dabeiba Adriana García Robayo [and others] editores. 
250 |a Primera edición. 
264 1 |a Bogotá :  |b Editorial Pontificia Universidad Javeriana,  |c [2025] 
300 |a 1 online resource :  |b illustrations. 
336 |a text  |b txt  |2 rdacontent 
337 |a computer  |b c  |2 rdamedia 
338 |a online resource  |b cr  |2 rdacarrier 
347 |a text file  |2 rdaft 
347 |b EPUB 
504 |a Includes bibliographical references. 
588 0 |a Online resource; title from ePub title page (Digitalia, viewed February 5, 2026) 
650 0 |a Medical sciences  |x Research  |x Methodology. 
700 1 |a García Robayo, Dabeiba Adriana,  |e editor. 
791 2 |a Digitalia (Firm),  |e distributor. 
793 0 |g Digitalia eBook Collection:  |a Pontificia Universidad Javeriana 
856 4 0 |3 Digitalia Hispánica  |u https://www.digitaliapublishing.com/a/183390/ 
910 |a Premium collection: 2026